Masks of Bali (Record no. 10252)

MARC details
000 -CABECERA
campo de control de longitud fija 01091nam a2200301 a 4500
001 - NÚMERO DE CONTROL
campo de control BRL_1442
005 - FECHA Y HORA DE LA ÚLTIMA TRANSACCIÓN
campo de control 20190320211216.0
008 - DATOS DE LONGITUD FIJA--INFORMACIÓN GENERAL
campo de control de longitud fija 150114s1992----u--o######---#000-0#eng-#
020 ## - NÚMERO INTERNACIONAL ESTÁNDAR DEL LIBRO
Número Internacional Estándar del Libro 0811800628
041 ## - CÓDIGO DE LENGUA
Código de lengua del texto/banda sonora o título independiente eng
044 ## - CÓDIGO DEL PAÍS DE LA ENTIDAD EDITORA/PRODUCTORA
Código MARC del país u
050 #4 - SIGNATURA TOPOGRÁFICA DE LA BIBLIOTECA DEL CONGRESO
Número de clasificación GT1748.I52
Número de documento/Ítem .S53 1992
100 1# - ENTRADA PRINCIPAL--NOMBRE DE PERSONA
Nombre de persona Slattum, Judy
9 (RLIN) 26928
245 10 - MENCIÓN DE TÍTULO
Título Masks of Bali
Resto del título spirits of an ancient drama
Mención de responsabilidad, etc. Judy Slattum ; photographs by Paul Schraub ; preface by Hildred Geertz.
260 ## - PUBLICACIÓN, DISTRIBUCIÓN, ETC.
Lugar de publicación, distribución, etc. San Francisco
Nombre del editor, distribuidor, etc. Chronicle Books
Fecha de publicación, distribución, etc. 1992
300 ## - DESCRIPCIÓN FÍSICA
Extensión 131 p.
Otras características físicas il., fotografías a color
Dimensiones 27 cm.
500 ## - NOTA GENERAL
Nota general Au1791
504 ## - NOTA DE BIBLIOGRAFÍA, ETC.
Nota de bibliografía, etc. Bibliografía: p. 130-131
650 14 - PUNTO DE ACCESO ADICIONAL DE MATERIA--TÉRMINO DE MATERIA
Término de materia o nombre geográfico como elemento de entrada Máscaras
Subdivisión general Aspectos religiosos
Subdivisión geográfica Bali (Indonesia)
9 (RLIN) 26929
650 14 - PUNTO DE ACCESO ADICIONAL DE MATERIA--TÉRMINO DE MATERIA
Término de materia o nombre geográfico como elemento de entrada Máscaras
Subdivisión general Aspectos sociales
Subdivisión geográfica Bali (Indonesia)
9 (RLIN) 26930
650 14 - PUNTO DE ACCESO ADICIONAL DE MATERIA--TÉRMINO DE MATERIA
Término de materia o nombre geográfico como elemento de entrada Ritos y ceremonias
Subdivisión geográfica Bali (Indonesia)
9 (RLIN) 26931
651 #4 - PUNTO DE ACCESO ADICIONAL DE MATERIA--NOMBRE GEOGRÁFICO
Nombre geográfico Bali (Indonesia : Provincia)
Subdivisión general Vida religiosa y custumbres
9 (RLIN) 26932
651 #4 - PUNTO DE ACCESO ADICIONAL DE MATERIA--NOMBRE GEOGRÁFICO
Nombre geográfico Bali (Indonesia : Provincia)
Subdivisión general Vida social y costumbres
9 (RLIN) 26933
700 1# - PUNTO DE ACCESO ADICIONAL--NOMBRE DE PERSONA
Nombre de persona Schraub, Paul
Término indicativo de función/relación il.
9 (RLIN) 26934
700 1# - PUNTO DE ACCESO ADICIONAL--NOMBRE DE PERSONA
Nombre de persona Geertz, Hildred
9 (RLIN) 26935
902 ## - CATALOGADOR
Iniciales GRL
942 ## - ELEMENTOS DE PUNTO DE ACCESO ADICIONAL (KOHA)
Fuente del sistema de clasificación o colocación Library of Congress Classification
Tipo de ítem Koha Libros
Holdings
Estado de retiro Estado de pérdida Estado dañado No para préstamo Localización permanente Ubicación/localización actual Fecha de adquisición Número de inventario Total de préstamos Signatura topográfica completa Código de barras Fecha visto por última vez Precio válido a partir de Tipo de ítem Koha
El ejemplar forma parte de la colección y puede ser consultado según las políticas vigentes.       Biblioteca Centro de Estudios Ruth D. Lechuga Biblioteca Centro de Estudios Ruth D. Lechuga 15/01/2014 Au1791   GT1748.I52 .S53 1992 (Au1791) GRL01602 22/03/2019 22/03/2019 Libros